000
00248nam a2200097Ia 4500
005
20251222114407.0
008
251222s1900||||xx |||||||||||||| ||spa||
082
_a
DVD0170/C15/2002
245
0
_a
Obsesión de muerte:Angels don't sleep here
942
_c
DVD
999
_c
1867
_d
1867